[Event "POLFINAL MISTRZOSTW POLSKI JUNIOROW 2016 - C13"]
[Site "Centrum Kongresow i Rekreacji Orle Gniazdo ul. Wrzosowa 28a, Szczyrk"]
[Date "1899-12-30"]
[Round "3.3"]
[White "Grochol, Kamil"]
[Black "Musiala, Jakub"]
[Result "1-0"]
[WhiteTitle "II+"]
[BlackTitle "II+"]
[WhiteElo "1655"]
[BlackElo "1590"]

1. e4 c5 2. Nf3 e6 3. d4 cxd4 4. Nxd4 a6 5. Bd3 Qc7 6. c4 b6 7. O-O Bb7 8. Nc3
d6 9. Be3 Nd7 10. f4 Ngf6 11. Qf3 Be7 12. Rac1 O-O 13. g4 Nc5 14. Bb1 d5 15. cxd5
exd5 16. e5 Nfe4 17. Nxe4 dxe4 18. Bxe4 Bxe4 19. Qxe4 Qd7 20. Qg2 f6 21. Nc6 Rac8
22. Nxe7+ Qxe7 23. Qd5+ Qf7 24. Qxf7+ Kxf7 25. Bxc5 Rxc5 26. Rxc5 bxc5 27. exf6
Kxf6 28. Rc1 Rc8 29. Kf2 Ke6 30. Ke3 Kd5 31. b3 Re8+ 32. Kd3 Re6 33. Rc2 h6 34.
Rf2 Re4 35. h4 c4+ 36. bxc4+ Rxc4 37. g5 hxg5 38. hxg5 Ra4 39. Kc3 Rc4+ 40. Kb3
Rc6 41. f5 Ke5 42. Ka4 Rd6 43. Ka5 Rd5+ 44. Kxa6 Rd6+ 45. Kb5 Rd7 46. f6 gxf6
47. gxf6 Rd5+ 48. Kb4 Rd4+ 49. Kb5 Rd5+ 50. Kb6 Rd6+ 51. Kc7 1-0

[Event "POLFINAL MISTRZOSTW POLSKI JUNIOROW 2016 - C13"]
[Site "Centrum Kongresow i Rekreacji Orle Gniazdo ul. Wrzosowa 28a, Szczyrk"]
[Date "1899-12-30"]
[Round "3.4"]
[White "Distel, Pawel"]
[Black "Zabron, Maksym"]
[Result "1/2-1/2"]
[WhiteTitle "II"]
[BlackTitle "II+"]
[WhiteElo "1471"]
[BlackElo "1532"]

1. e4 c6 2. d4 d5 3. Nc3 dxe4 4. Nxe4 Bf5 5. Ng3 Bg6 6. h4 h6 7. Nf3 Nf6 8. h5
Bh7 9. Bd3 Bxd3 10. Qxd3 e6 11. Bd2 Bd6 12. O-O-O Nbd7 13. Ne4 Nxe4 14. Qxe4 Nf6
15. Qe2 Qc7 16. Kb1 b5 17. Ne5 Nd7 18. f4 Nxe5 19. dxe5 Be7 20. g4 O-O-O 21. c4
b4 22. Qe4 a5 23. Be3 Kb7 24. f5 exf5 25. gxf5 Rhe8 26. Bf4 Bd6 27. Rhf1 f6 28.
e6 Bxf4 29. Rxd8 Rxd8 30. Qxf4 Rd1+ 31. Kc2 Rxf1 32. Qxf1 Qh2+ 33. Kb3 a4+ 34.
Kxb4 Qxb2+ 35. Kxa4 Qxa2+ 36. Kb4 Qb2+ 37. Kc5 Qe5+ 38. Kb4 Qb2+ 39. Kc5 Qe5+
40. Kb4 Qb2+ 41. Kc5 1/2-1/2

[Event "POLFINAL MISTRZOSTW POLSKI JUNIOROW 2016 - C13"]
[Site "Centrum Kongresow i Rekreacji Orle Gniazdo ul. Wrzosowa 28a, Szczyrk"]
[Date "1899-12-30"]
[Round "3.5"]
[White "Skowron, Mateusz"]
[Black "Panek, Bartosz"]
[Result "0-1"]
[WhiteTitle "I"]
[BlackTitle "II+"]
[WhiteElo "1565"]
[BlackElo "1460"]

1. e4 e6 2. d4 b6 3. Nf3 Bb7 4. Bd3 Nf6 5. Nbd2 d5 6. e5 Nfd7 7. c3 c5 8. O-O Be7
9. Re1 Nc6 10. Nf1 Rc8 11. Ng3 cxd4 12. cxd4 Nb4 13. Bb1 Qc7 14. a3 Nc2 15. Bxc2
Qxc2 16. Qxc2 Rxc2 17. Ne2 Rc7 18. Nc3 Ba6 19. Bf4 O-O 20. Rec1 Rfc8 21. Re1 Nb8
22. Nd2 Nc6 23. Be3 Na5 24. g3 h6 25. f4 Bd3 26. Bf2 g6 27. Re3 Ba6 28. Ree1 h5
29. Be3 Bd3 30. Bf2 Kg7 31. Re3 Ba6 32. Ree1 b5 33. Be3 Rb7 34. Rec1 Rbc7 35.
Kf2 Rc6 36. Kg2 Bd8 37. Na2 Rc2 38. Kf3 Rxb2 39. Nb4 Rxc1 40. Rxc1 Bb7 41. Rc5
a6 42. h3 Nc4 43. Nxc4 bxc4 44. Nc6 Bb6 45. Na5 Bxc5 46. dxc5 Rb5 47. Nxb7 Rxb7
48. Bd4 Kf8 49. g4 Rb3+ 50. Kg2 hxg4 51. hxg4 c3 52. c6 c2 53. Bc5+ Ke8 54. c7
Kd7 55. Bd6 c1=Q 0-1

[Event "POLFINAL MISTRZOSTW POLSKI JUNIOROW 2016 - C13"]
[Site "Centrum Kongresow i Rekreacji Orle Gniazdo ul. Wrzosowa 28a, Szczyrk"]
[Date "1899-12-30"]
[Round "3.6"]
[White "Kujawa, Krzysztof"]
[Black "Wangrat, Jan"]
[Result "1-0"]
[WhiteTitle "II"]
[BlackTitle "II"]
[WhiteElo "1520"]
[BlackElo "1373"]

1. e4 c5 2. Nf3 Nc6 3. d4 cxd4 4. Nxd4 g6 5. Nc3 Bg7 6. Be3 Nf6 7. Bc4 O-O 8. Bb3
d6 9. f3 Bd7 10. Qd2 Nxd4 11. Bxd4 b5 12. O-O a5 13. a3 Qc7 14. Rfe1 Bc6 15. Kh1
Qb7 16. Rad1 Rfd8 17. Qf2 a4 18. Ba2 Rdc8 19. e5 dxe5 20. Bxe5 b4 21. Ne2 b3 22.
cxb3 axb3 23. Bb1 Ng4 24. fxg4 Bxe5 25. Nd4 Bf6 26. Nxc6 Qxc6 27. Be4 Qa6 28.
Bxa8 Qxa8 29. Rc1 Rd8 30. Red1 Re8 31. Rd3 Qe4 32. Rxb3 Kg7 33. h3 Bg5 34. Rf1
Qc4 35. Rf3 Rf8 36. b3 Qd5 37. a4 e5 38. h4 e4 39. Rxf7+ Rxf7 40. Qxf7+ Qxf7 41.
Rxf7+ Kxf7 42. hxg5 Ke7 43. a5 Kd7 44. a6 Kc6 45. b4 Kb6 46. b5 e3 47. Kg1 h5
48. gxh6 g5 49. h7 e2 50. Kf2 e1=Q+ 51. Kxe1 Ka5 52. h8=Q Kb6 53. Qd8+ Kc5 54.
a7 Kxb5 55. a8=R Kc6 56. Rc8+ Kb7 57. Rc7+ Kb6 58. Qb8+ Ka6 59. Ra7# 1-0

[Event "POLFINAL MISTRZOSTW POLSKI JUNIOROW 2016 - C13"]
[Site "Centrum Kongresow i Rekreacji Orle Gniazdo ul. Wrzosowa 28a, Szczyrk"]
[Date "1899-12-30"]
[Round "3.7"]
[White "Olsztynski, Jan"]
[Black "Bartoszewski-reiski, Olaf"]
[Result "0-1"]
[WhiteTitle "III"]
[BlackTitle "II"]
[WhiteElo "1122"]
[BlackElo "1512"]

1. e4 c5 2. Nf3 e6 3. c3 Nf6 4. Qc2 Nc6 5. d4 cxd4 6. cxd4 Be7 7. Nc3 d6 8. a3
O-O 9. Bd3 h6 10. O-O Qb6 11. Ne2 Bd7 12. h3 Rac8 13. Qd1 a6 14. Be3 d5 15. e5
Nh7 16. h4 Na5 17. Qb1 f5 18. exf6 Nxf6 19. Nf4 Bb5 20. Bxb5 axb5 21. Ng6 Rfe8
22. Nxe7+ Rxe7 23. Bxh6 gxh6 24. Qg6+ Rg7 25. Qxf6 Rf8 26. Qxh6 Rxf3 27. Rac1
Rf8 28. Rfe1 Qxd4 29. Qxe6+ Kh7 30. Rc2 Nc4 31. h5 Rfg8 32. Qh3 Rxg2+ 33. Qxg2
Rxg2+ 34. Kxg2 Qg4+ 35. Kf1 Qxh5 36. Kg2 Qg6+ 37. Kf3 Qxc2 0-1

[Event "POLFINAL MISTRZOSTW POLSKI JUNIOROW 2016 - C13"]
[Site "Centrum Kongresow i Rekreacji Orle Gniazdo ul. Wrzosowa 28a, Szczyrk"]
[Date "1899-12-30"]
[Round "3.8"]
[White "Trybus, Daniel"]
[Black "Czarnomski, Dominik"]
[Result "0-1"]
[WhiteTitle "II+"]
[BlackTitle "II"]
[WhiteElo "1495"]
[BlackElo "1357"]

1. d4 e6 2. c4 f5 3. Nc3 Bb4 4. g3 Nf6 5. Bg2 O-O 6. Qb3 Bxc3+ 7. bxc3 Ne4 8. Ba3
Rf7 9. Qc2 d5 10. Nf3 Nd7 11. c5 c6 12. c4 Qa5+ 13. Kf1 Qxa3 14. Rc1 Rf8 15. h4
Ndf6 16. Ne5 Nd7 17. Nf3 Ndxc5 18. dxc5 Qxc5 19. e3 b6 20. Ne5 dxc4 21. Bxe4 fxe4
22. Qxe4 b5 23. Rd1 Rf5 24. f4 Bb7 25. Rd7 Raf8 26. Rxb7 Rxe5 27. Qf3 Qxe3 28.
Qxe3 Rxe3 29. Kf2 Ra3 30. Rd1 Rd3 31. Re1 Rd6 32. Rxa7 h5 33. a4 b4 34. Rb7 b3
35. Rc1 Rd4 36. Ke3 Rfd8 37. a5 Rd3+ 38. Ke4 R3d4+ 39. Ke3 Rd3+ 40. Kf2 R8d5 41.
a6 Ra5 42. a7 Kh7 43. Rxc4 Ra2+ 44. Ke1 Rxg3 45. Kf1 Rh3 46. Kg1 Rxh4 47. Rxc6
Rg4+ 48. Kh1 Rxf4 49. Rc1 Rf8 50. Rg1 Rg8 51. Rg5 Kh6 52. Re5 Ra6 53. Rc5 Ra8
54. Rcc7 b2 55. Rxb2 R8xa7 56. Rc1 Rf7 57. Kh2 g5 58. Rc5 Kg6 59. Re2 h4 60. Rce5
Rf6 61. Kh3 Ra3+ 62. Kh2 Raf3 63. Rg2 R3f5 64. Re4 Rf2 65. Re5 Rxg2+ 66. Kxg2
Kh5 67. Kh3 Kg6 68. Kg4 Rf4+ 69. Kh3 Kf6 70. Ra5 Rd4 71. Ra8 Rd7 72. Rf8+ Rf7
73. Rg8 Kf5 74. Rh8 Kf4 75. Rg8 e5 76. Rg6 e4 77. Rh6 Kf3 78. Kh2 Kf2 79. Rg6
Rf5 80. Ra6 e3 81. Ra2+ e2 82. Rd2 Rf3 83. Ra2 Rg3 84. Rd2 g4 85. Rxe2+ Kxe2 86.
Kh1 Kf2 87. Kh2 Rh3# 0-1

[Event "POLFINAL MISTRZOSTW POLSKI JUNIOROW 2016 - C13"]
[Site "Centrum Kongresow i Rekreacji Orle Gniazdo ul. Wrzosowa 28a, Szczyrk"]
[Date "1899-12-30"]
[Round "3.9"]
[White "Smolen, Sebastian"]
[Black "Markiewicz, Krzysztof"]
[Result "0-1"]
[WhiteTitle "II"]
[BlackTitle "II"]
[WhiteElo "1292"]
[BlackElo "1430"]

1. e4 c5 2. Bc4 d6 3. Nc3 Nf6 4. f4 Nc6 5. Nf3 e6 6. e5 Nd7 7. exd6 Bxd6 8. d4
Qe7 9. Be3 a6 10. a4 Nb6 11. Ba2 Bd7 12. Qd2 Nb4 13. b3 Bc6 14. O-O Rc8 15. Ne5
Nxa2 16. Nxc6 Rxc6 17. Rxa2 O-O 18. a5 Nd7 19. d5 exd5 20. Nxd5 Qe6 21. f5 Qe5
22. Bf4 Qd4+ 23. Qxd4 cxd4 24. Kh1 Kh8 25. Bxd6 Rxd6 26. Nf4 Re8 27. Ra4 Nf6 28.
Rc4 Rd7 29. h3 Rde7 30. Rxd4 g6 31. fxg6 hxg6 0-1

[Event "POLFINAL MISTRZOSTW POLSKI JUNIOROW 2016 - C13"]
[Site "Centrum Kongresow i Rekreacji Orle Gniazdo ul. Wrzosowa 28a, Szczyrk"]
[Date "1899-12-30"]
[Round "3.10"]
[White "Bien, Hubert"]
[Black "Jaszczuk, Mateusz"]
[Result "1/2-1/2"]
[WhiteTitle "II"]
[BlackTitle "II"]
[WhiteElo "1408"]
[BlackElo "1382"]

1. d4 d5 2. c4 c6 3. Nc3 e6 4. Bf4 Nf6 5. e3 Nbd7 6. Nf3 dxc4 7. Bxc4 Nd5 8. Bg5
Be7 9. Bxe7 Qxe7 10. Bxd5 exd5 11. Ne2 O-O 12. O-O Nf6 13. Ng3 Ne4 14. Nxe4 Qxe4
15. Nd2 Qg6 16. Kh1 f5 17. f4 Qe8 18. Rf3 Rf6 19. Rg3 Be6 20. Rh3 Bf7 21. Nb3
Rd8 22. Nc5 b6 23. Nd3 Rdd6 24. Rc1 Rh6 25. Rxh6 Rxh6 26. Ne5 Qa8 27. Qc2 Be8
28. Qxf5 Rf6 29. Qc2 Bg6 30. Nxg6 Rxg6 31. Qf5 Qe8 32. Qe5 Re6 33. Qc7 Rxe3 34.
h3 Qe4 35. Qd8+ Kf7 36. Qd7+ Kf8 37. Qc8+ Kf7 38. Qd7+ Kf8 39. Qc8+ Kf7 40. Qd7+
Kf8 1/2-1/2

[Event "POLFINAL MISTRZOSTW POLSKI JUNIOROW 2016 - C13"]
[Site "Centrum Kongresow i Rekreacji Orle Gniazdo ul. Wrzosowa 28a, Szczyrk"]
[Date "1899-12-30"]
[Round "3.11"]
[White "Kalkowski, Igor"]
[Black "Kania, Dominik"]
[Result "1-0"]
[WhiteTitle "II"]
[BlackTitle "II"]
[WhiteElo "1348"]
[BlackElo "1373"]

1. d4 d6 2. e4 Nf6 3. Nc3 e5 4. dxe5 dxe5 5. Qxd8+ Kxd8 6. Bg5 c6 7. O-O-O Ke8
8. Bc4 Nbd7 9. Bb3 Bb4 10. Nge2 Nc5 11. f3 Nxb3+ 12. axb3 Be6 13. Rd3 Ke7 14.
f4 exf4 15. e5 Bf5 16. Rd2 f3 17. gxf3 Bc5 18. exf6+ gxf6 19. Bf4 Rhg8 20. Ng3
Bh3 21. Re1+ Kf8 22. Bh6+ Rg7 23. Bxg7+ Kxg7 24. Rde2 Be6 25. Nce4 Bb6 26. b4
a5 27. Nh5+ Kh6 28. Nhxf6 axb4 29. Kd2 Rd8+ 30. Kc1 Ra8 31. Ng4+ Kg6 32. Ne5+
Kg7 33. Rg2+ Kh8 34. Ng5 h6 35. Nexf7+ Bxf7 36. Nxf7+ Kh7 37. Re6 Ra1+ 38. Kd2
1-0

[Event "POLFINAL MISTRZOSTW POLSKI JUNIOROW 2016 - C13"]
[Site "Centrum Kongresow i Rekreacji Orle Gniazdo ul. Wrzosowa 28a, Szczyrk"]
[Date "1899-12-30"]
[Round "4.1"]
[White "Strzelecki, Maciej"]
[Black "Grochol, Kamil"]
[Result "1-0"]
[WhiteTitle "I"]
[BlackTitle "II+"]
[WhiteElo "1721"]
[BlackElo "1655"]

1. e4 c5 2. Nf3 Nc6 3. d4 cxd4 4. Nxd4 e5 5. Nb5 d6 6. N1c3 a6 7. Na3 b5 8. Nd5
Nf6 9. Bg5 Be7 10. Bxf6 Bxf6 11. g3 O-O 12. Bg2 Rb8 13. O-O g6 14. c3 Bg7 15.
f4 exf4 16. gxf4 Ne7 17. Nxe7+ Qxe7 18. Nc2 Qa7+ 19. Kh1 Qc5 20. Qd3 Bb7 21. Rad1
Rbd8 22. Nd4 Rfe8 23. f5 Be5 24. Qh3 d5 25. fxg6 hxg6 26. Rxf7 Kxf7 27. Qh7+ Bg7
28. Rf1+ Ke7 29. Qxg7+ 1-0

[Event "POLFINAL MISTRZOSTW POLSKI JUNIOROW 2016 - C13"]
[Site "Centrum Kongresow i Rekreacji Orle Gniazdo ul. Wrzosowa 28a, Szczyrk"]
[Date "1899-12-30"]
[Round "4.2"]
[White "Oborski, Artur"]
[Black "Kulesza, Andrzej"]
[Result "1-0"]
[WhiteTitle "II+"]
[BlackTitle "I"]
[WhiteElo "1718"]
[BlackElo "1667"]

1. Nf3 c5 2. c4 g6 3. g3 Bg7 4. Bg2 Nc6 5. O-O e6 6. Nc3 Nge7 7. e3 O-O 8. d4 cxd4
9. exd4 d5 10. cxd5 Nxd5 11. Be3 Nde7 12. Qd2 Nf5 13. Rfd1 e5 14. dxe5 Qxd2 15.
Bxd2 Nxe5 16. Nxe5 Bxe5 17. Re1 f6 18. Rad1 Rb8 19. Bd5+ Kg7 20. f4 Bd4+ 21. Kg2
Bc5 22. Ne4 Rd8 23. Bc3 Be7 24. g4 Nd6 25. g5 Ne8 26. Nxf6 Bxf6 27. gxf6+ Kh6
28. f7 Nd6 29. Bf6 Bg4 30. Bxd8 Rxd8 31. Rd3 Nxf7 32. Re7 Bf5 33. Rd2 Nd6 34.
Bf3 g5 35. h3 Kg6 36. Re1 Kf6 37. fxg5+ Kf7 38. Red1 Ke7 39. h4 h6 40. Kg3 Be6
41. Rxd6 Rxd6 42. Rxd6 Kxd6 43. a3 hxg5 44. hxg5 Ke5 45. Bxb7 Kf5 46. Kh4 Bf7
47. Bf3 Kf4 48. Bh5 Bg8 49. Be8 Bh7 50. Kh5 Bc2 51. g6 Kf5 52. Kh6 Kf6 53. g7
Bb3 54. Bg6 Bg8 55. Bh7 Kf7 56. b4 a6 57. a4 a5 58. bxa5 Ke6 59. Bxg8+ 1-0

[Event "POLFINAL MISTRZOSTW POLSKI JUNIOROW 2016 - C13"]
[Site "Centrum Kongresow i Rekreacji Orle Gniazdo ul. Wrzosowa 28a, Szczyrk"]
[Date "1899-12-30"]
[Round "4.3"]
[White "Wolaniecki, Patryk"]
[Black "Distel, Pawel"]
[Result "1/2-1/2"]
[WhiteTitle "I"]
[BlackTitle "II"]
[WhiteElo "1653"]
[BlackElo "1471"]

1. e4 c5 2. Nf3 d6 3. c3 Nf6 4. Be2 Nc6 5. d4 Nxe4 6. d5 Bd7 7. dxc6 Bxc6 8. O-O
e6 9. Nbd2 Be7 10. Qc2 Nxd2 11. Bxd2 Qc7 12. Rad1 h6 13. Bf4 g5 14. Bc1 O-O-O
15. Ne1 h5 16. b4 g4 17. b5 Bd7 18. c4 f5 19. f3 Rdg8 20. Bb2 Rh6 21. Qd2 Rhg6
22. f4 h4 23. Bc3 h3 24. g3 b6 25. a4 Qb7 26. a5 Re8 27. axb6 axb6 28. Rf2 Rgg8
29. Bf1 Ref8 30. Nc2 Kd8 31. Ne3 Kc8 32. Ra1 Kc7 33. Rd1 Kc8 34. Qd3 Rd8 35. Ra2
Kc7 36. Qd2 Rge8 37. Ra3 Rg8 38. Ra2 Rge8 39. Ra6 Rg8 40. Ra4 Rge8 41. Qd3 Rg8
42. Ra2 Rge8 43. Re2 Rf8 44. Nd5+ exd5 45. Rxe7 Rfe8 46. Rxe8 Rxe8 47. Qxd5 Qxd5
48. Rxd5 Be6 49. Rd2 Ra8 50. Re2 Kd7 51. Re1 Ra4 52. Ra1 Rxa1 53. Bxa1 Ke7 54.
Bg7 Kd7 55. Kf2 Ke7 56. Ke3 Kd7 57. Kd3 Kc7 58. Kc3 Kd7 59. Bd3 Kc7 60. Bf8 Kd7
61. Bg7 Kc7 62. Kd2 Kd7 63. Ke3 Ke7 64. Bc3 Kd7 65. Be1 Kc7 66. Kd2 Kd7 67. Kc2
Kc7 68. Kb3 Kb7 69. Bc3 Kc7 70. Ka4 Kb7 71. Ka3 Kc7 72. Kb3 Kc8 73. Ka4 Kb7 74.
Bf6 Kc7 75. Be7 Kd7 76. Bf8 Kc7 77. Kb3 Kd7 78. Kc2 Kc7 79. Kd2 Kd7 80. Ke3 Kc7
81. Bg7 Kd7 82. Bc3 Kc7 83. Bb2 1/2-1/2

[Event "POLFINAL MISTRZOSTW POLSKI JUNIOROW 2016 - C13"]
[Site "Centrum Kongresow i Rekreacji Orle Gniazdo ul. Wrzosowa 28a, Szczyrk"]
[Date "1899-12-30"]
[Round "4.4"]
[White "Zabron, Maksym"]
[Black "Kujawa, Krzysztof"]
[Result "0-1"]
[WhiteTitle "II+"]
[BlackTitle "II"]
[WhiteElo "1532"]
[BlackElo "1520"]

1. Nf3 Nf6 2. g3 b6 3. Bg2 Bb7 4. O-O c5 5. d3 e6 6. e4 d6 7. Re1 Nbd7 8. Nbd2
Be7 9. b3 O-O 10. Bb2 Qc7 11. Nc4 b5 12. Ne3 a6 13. Nh4 Rad8 14. f4 Ne8 15. Nf3
Bf6 16. Bxf6 Nexf6 17. g4 e5 18. f5 d5 19. g5 dxe4 20. gxf6 exf3 21. fxg7 Kxg7
22. Bxf3 Bxf3 23. Qxf3 Nf6 24. Kh1 Kh8 25. Rg1 Rg8 26. Rg3 Rxg3 27. hxg3 Rg8 28.
Rg1 Qe7 29. Rg2 e4 30. dxe4 Nxe4 31. Nf1 Qe5 32. Kh2 Ng5 33. Qf4 Qxf4 34. gxf4
Nf3+ 35. Kh1 Rxg2 36. Kxg2 Ne1+ 37. Kf2 Nxc2 38. Nd2 Kg7 39. Ne4 c4 40. bxc4 bxc4
41. Nd6 Na3 42. Ne4 h5 43. Ke3 a5 44. Nc3 Kf6 45. Ke4 h4 46. Nd5+ Kg7 47. Nc3
Kh6 48. Kf3 Kh5 49. Ne2 Nb1 50. Kg2 Kg4 51. Kh2 c3 52. Kg2 c2 53. Nc1 Nc3 54.
Kh2 Kxf5 55. Kh3 Kxf4 56. Kxh4 Ke3 57. Kg5 Ne2 58. Nb3 c1=Q 59. Nxc1 Nxc1 60.
Kf6 Nxa2 0-1

[Event "POLFINAL MISTRZOSTW POLSKI JUNIOROW 2016 - C13"]
[Site "Centrum Kongresow i Rekreacji Orle Gniazdo ul. Wrzosowa 28a, Szczyrk"]
[Date "1899-12-30"]
[Round "4.5"]
[White "Bartoszewski-reiski, Olaf"]
[Black "Czarnomski, Dominik"]
[Result "1/2-1/2"]
[WhiteTitle "II"]
[BlackTitle "II"]
[WhiteElo "1512"]
[BlackElo "1357"]

1. e4 e6 2. Nf3 d5 3. Nc3 c5 4. exd5 exd5 5. Bb5+ Nc6 6. O-O Nf6 7. Re1+ Be6 8.
Ne5 Qc7 9. d3 Bd6 10. Bxc6+ bxc6 11. Qe2 O-O 12. Bg5 Nd7 13. Nf3 h6 14. Bh4 Rfe8
15. Bg3 Nf6 16. Bxd6 Qxd6 17. Qe5 Qb8 18. Qxb8 Raxb8 19. b3 Nd7 20. Ne5 Nxe5 21.
Rxe5 c4 22. dxc4 dxc4 23. Rc5 cxb3 24. axb3 Bd7 25. f3 Rb7 26. Ne4 Rc7 27. Rca5
a6 28. Kf2 Bc8 29. Nc5 Rd8 30. c4 Rd2+ 31. Kg3 Rb2 32. R1a3 Re7 33. Ra2 Ree2 34.
Rxb2 Rxb2 35. Ra3 Kf8 36. Nd3 Rb1 37. Nb4 Bb7 38. Nxa6 Bxa6 39. Rxa6 Rxb3 40.
Rxc6 Ke7 41. Rc7+ Ke6 42. h4 Rc3 43. Kg4 g6 44. c5 Rc4+ 45. Kg3 Rd4 46. Rc8 Kd7
47. Rh8 h5 1/2-1/2

[Event "POLFINAL MISTRZOSTW POLSKI JUNIOROW 2016 - C13"]
[Site "Centrum Kongresow i Rekreacji Orle Gniazdo ul. Wrzosowa 28a, Szczyrk"]
[Date "1899-12-30"]
[Round "4.6"]
[White "Panek, Bartosz"]
[Black "Musiala, Jakub"]
[Result "0-1"]
[WhiteTitle "II+"]
[BlackTitle "II+"]
[WhiteElo "1460"]
[BlackElo "1590"]

1. e4 d6 2. d4 Nf6 3. Nc3 e5 4. Nf3 Nbd7 5. Bc4 Be7 6. O-O O-O 7. Re1 b6 8. d5
Bb7 9. h3 c6 10. dxc6 Bxc6 11. Bg5 h6 12. Bh4 Qc7 13. Nh2 Bxe4 14. Bxf6 Nxf6 15.
Nxe4 Qxc4 16. Nxd6 Bxd6 17. Qxd6 e4 18. c3 Rad8 19. Qf4 Rfe8 20. Nf1 Qb5 21. b3
Nd5 22. Qg3 Qd3 23. Rac1 e3 24. Red1 Nxc3 25. Rxd3 Ne2+ 26. Kh2 Nxg3 27. Rxd8
Nxf1+ 28. Rxf1 Rxd8 29. fxe3 Rd2 30. Ra1 Re2 31. a4 Rxe3 32. b4 Re4 33. b5 Rb4
34. Kg3 f6 35. Ra2 Kf7 36. Kf3 f5 37. Ke3 Ke6 38. Kd3 Kd5 39. Kc3 Kc5 40. Rf2
g6 41. Ra2 g5 42. Re2 Re4 43. Ra2 Re3+ 44. Kd2 Rg3 45. Ke1 Kb4 46. Kf2 f4 47.
Ra1 h5 48. Kf1 h4 49. Kf2 g4 50. hxg4 Rxg4 51. Kf3 Rg3+ 52. Kf2 h3 53. gxh3 Rxh3
54. Ke2 Ra3 55. Rf1 f3+ 56. Rxf3 Rxf3 57. Kxf3 Kxa4 58. Ke2 Kxb5 59. Kd2 Kb4 60.
Kc1 Kb3 61. Kb1 a5 62. Ka1 Kc2 63. Ka2 b5 64. Ka1 b4 0-1

[Event "POLFINAL MISTRZOSTW POLSKI JUNIOROW 2016 - C13"]
[Site "Centrum Kongresow i Rekreacji Orle Gniazdo ul. Wrzosowa 28a, Szczyrk"]
[Date "1899-12-30"]
[Round "4.7"]
[White "Markiewicz, Krzysztof"]
[Black "Skowron, Mateusz"]
[Result "1/2-1/2"]
[WhiteTitle "II"]
[BlackTitle "I"]
[WhiteElo "1430"]
[BlackElo "1565"]

1. e4 c6 2. d4 d5 3. Nc3 dxe4 4. Nxe4 Bf5 5. Ng3 Bg6 6. Nf3 Nd7 7. Bd3 e6 8. O-O
Ngf6 9. Re1 Be7 10. a3 O-O 11. Bxg6 hxg6 12. Bg5 Re8 13. Qd3 Qc7 14. c4 Rad8 15.
Qc3 c5 16. dxc5 Nxc5 17. b4 Ncd7 18. Rad1 Nb6 19. c5 Nbd5 20. Qc2 a5 21. Rd4 b6
22. Rc1 Rc8 23. Rc4 axb4 24. axb4 bxc5 25. bxc5 Qa5 26. Bd2 Qa7 27. c6 Nb6 28.
Be3 Nfd5 29. Bxb6 Nxb6 30. Rc3 Red8 31. Ne4 Nd5 32. Rc4 Nb6 33. Rc3 Nd5 34. Rc4
Nb6 35. Rc3 Nd5 36. Rc4 Nb6 37. Rc3 Nd5 1/2-1/2

[Event "POLFINAL MISTRZOSTW POLSKI JUNIOROW 2016 - C13"]
[Site "Centrum Kongresow i Rekreacji Orle Gniazdo ul. Wrzosowa 28a, Szczyrk"]
[Date "1899-12-30"]
[Round "4.8"]
[White "Wangrat, Jan"]
[Black "Trybus, Daniel"]
[Result "1-0"]
[WhiteTitle "II"]
[BlackTitle "II+"]
[WhiteElo "1373"]
[BlackElo "1495"]

1. e4 d5 2. exd5 Qxd5 3. Nc3 Qd6 4. d4 Nf6 5. Nf3 Nc6 6. Bc4 Bg4 7. h3 Bxf3 8.
Qxf3 O-O-O 9. d5 Nb4 10. O-O Qe5 11. Bf4 Qd4 12. Bb3 Nbxd5 13. Nxd5 Nxd5 14. Bg3
Nb6 15. Rad1 Qc5 16. Rxd8+ Kxd8 17. Rd1+ Nd7 18. Qxb7 e5 19. Ba4 Ke7 20. Rxd7+
Kf6 21. Qf3+ Ke6 22. Qxf7# 1-0

[Event "POLFINAL MISTRZOSTW POLSKI JUNIOROW 2016 - C13"]
[Site "Centrum Kongresow i Rekreacji Orle Gniazdo ul. Wrzosowa 28a, Szczyrk"]
[Date "1899-12-30"]
[Round "4.9"]
[White "Olsztynski, Jan"]
[Black "Bien, Hubert"]
[Result "0-1"]
[WhiteTitle "III"]
[BlackTitle "II"]
[WhiteElo "1122"]
[BlackElo "1408"]

1. e4 e6 2. d4 d5 3. e5 c5 4. Ne2 Nc6 5. Nbc3 cxd4 6. Nxd4 Nxe5 7. b3 Nc6 8. Bb5
Bd7 9. O-O Nf6 10. Nxc6 Bxc6 11. Bxc6+ bxc6 12. Bb2 Be7 13. Ne2 O-O 14. Nd4 Qc7
15. Nf3 Ne4 16. Qe1 Bf6 17. Bxf6 Nxf6 18. Qe5 Qxe5 19. Nxe5 Rac8 20. Rac1 Rfd8
21. c4 Kf8 22. cxd5 cxd5 23. Nc6 Rd7 24. Ne5 Rdc7 25. Nd3 Rxc1 26. Rxc1 Rxc1+
27. Nxc1 Ke7 28. f3 Kd6 29. Kf2 Nd7 30. Nd3 Ne5 31. Ke3 Nxd3 32. Kxd3 Kc5 33.
a3 a5 34. f4 f6 35. g3 e5 36. a4 Kb4 37. Kc2 e4 38. h3 d4 39. g4 d3+ 40. Kd2 Kxb3
41. h4 Kc4 42. g5 Kd4 43. gxf6 gxf6 44. h5 e3+ 45. Ke1 Kc3 46. h6 d2+ 47. Ke2
Kc2 48. f5 d1=Q+ 0-1

[Event "POLFINAL MISTRZOSTW POLSKI JUNIOROW 2016 - C13"]
[Site "Centrum Kongresow i Rekreacji Orle Gniazdo ul. Wrzosowa 28a, Szczyrk"]
[Date "1899-12-30"]
[Round "4.10"]
[White "Jaszczuk, Mateusz"]
[Black "Kalkowski, Igor"]
[Result "1-0"]
[WhiteTitle "II"]
[BlackTitle "II"]
[WhiteElo "1382"]
[BlackElo "1348"]

1. c4 g6 2. Nc3 Bg7 3. e4 d6 4. g3 Nf6 5. Bg2 O-O 6. d3 e5 7. h3 Nc6 8. Be3 Ne7
9. f4 Nh5 10. Nge2 f5 11. O-O Nf6 12. Rc1 Bh6 13. b4 c6 14. Qd2 Be6 15. fxe5 Bxe3+
16. Qxe3 dxe5 17. exf5 Nxf5 18. Qxe5 Ng7 19. Nd4 Bf5 20. Nxf5 Nxf5 21. g4 Nh4
22. d4 Nxg2 23. Kxg2 Nd7 24. Qe6+ Kg7 25. Rxf8 Nxf8 26. Qe5+ Kg8 27. Ne4 Nd7 28.
Qe6+ Kg7 29. Rf1 Qe8 30. Qxe8 Rxe8 31. Nd6 Re2+ 32. Rf2 Re7 33. Nxb7 Nb6 34. Nd6
Rd7 35. c5 Nd5 36. Rb2 a6 37. a4 Ne3+ 38. Kf3 Nd1 39. Rb3 1-0

[Event "POLFINAL MISTRZOSTW POLSKI JUNIOROW 2016 - C13"]
[Site "Centrum Kongresow i Rekreacji Orle Gniazdo ul. Wrzosowa 28a, Szczyrk"]
[Date "1899-12-30"]
[Round "4.11"]
[White "Kania, Dominik"]
[Black "Smolen, Sebastian"]
[Result "1-0"]
[WhiteTitle "II"]
[BlackTitle "II"]
[WhiteElo "1373"]
[BlackElo "1292"]

1. e4 e6 2. d4 d5 3. exd5 Qxd5 4. Nf3 c5 5. Nc3 Qd8 6. Bd3 Nc6 7. dxc5 Bxc5 8.
O-O h6 9. Ne4 Bb6 10. Bf4 Bc7 11. Bxc7 Qxc7 12. Bb5 Bd7 13. Nd6+ Kf8 14. Bxc6
Bxc6 15. Ne5 Be8 16. Qf3 Nf6 17. Rad1 Rb8 18. Rfe1 Bc6 19. Qa3 Qe7 20. Qxa7 Rd8
21. Ndxf7 Rxd1 22. Rxd1 Qc7 23. Rd8+ Be8 24. Qa3+ Kg8 25. Qd6 Qxc2 26. Nxh8 Kxh8
27. Qd2 Qb1+ 28. Qd1 Qxb2 29. Qb3 1-0

[Event "POLFINAL MISTRZOSTW POLSKI JUNIOROW 2016 - C13"]
[Site "Centrum Kongresow i Rekreacji Orle Gniazdo ul. Wrzosowa 28a, Szczyrk"]
[Date "1899-12-30"]
[Round "5.1"]
[White "Strzelecki, Maciej"]
[Black "Oborski, Artur"]
[Result "1/2-1/2"]
[WhiteTitle "I"]
[BlackTitle "II+"]
[WhiteElo "1721"]
[BlackElo "1718"]

1. e4 e6 2. d4 d5 3. e5 c5 4. c3 Nc6 5. Nf3 Qb6 6. a3 c4 7. Nbd2 Na5 8. g3 Bd7
9. h4 Ne7 10. Bh3 h6 11. Nf1 Nb3 12. Rb1 O-O-O 13. Ne3 Nc6 14. Qe2 Be7 15. h5
Rdg8 16. Bg2 Kb8 17. Bh3 Kc8 18. Bg2 Kb8 19. Bh3 Kc8 20. Bg2 Kb8 1/2-1/2

[Event "POLFINAL MISTRZOSTW POLSKI JUNIOROW 2016 - C13"]
[Site "Centrum Kongresow i Rekreacji Orle Gniazdo ul. Wrzosowa 28a, Szczyrk"]
[Date "1899-12-30"]
[Round "5.2"]
[White "Kujawa, Krzysztof"]
[Black "Grochol, Kamil"]
[Result "1-0"]
[WhiteTitle "II"]
[BlackTitle "II+"]
[WhiteElo "1520"]
[BlackElo "1655"]

1. e4 c5 2. Nf3 Nc6 3. d4 cxd4 4. Nxd4 e5 5. Nb5 d6 6. N1c3 a6 7. Na3 b5 8. Nd5
Nf6 9. c4 b4 10. Nc2 a5 11. Bd3 Be7 12. Be3 Rb8 13. h3 Be6 14. O-O Nd7 15. Qd2
O-O 16. f4 exf4 17. Bxf4 Nc5 18. Rf3 Ne5 19. Bxe5 dxe5 20. Nxe7+ Qxe7 21. Ne3
Rfd8 22. Nd5 Bxd5 23. cxd5 Nb7 24. Rc1 Nd6 25. Qe3 Kh8 26. Rff1 Qb7 27. Rc6 Ra8
28. Rfc1 Qa7 29. Qxa7 Rxa7 30. Rxd6 1-0